01163pab a2200169 454500008004000000100002300040245007300063260000900136300001300145362001100158520065100169650001200820773003000832909001000862999001700872952010400889180718b2002 xxu||||| |||| 00| 0 eng d aHandman, Arthur L. aIntermodalism - a solution for highway congestion at the millennium? c2002 ap.51-61. aSummer aHighway congestion in the Northeastern U.S. is increasing beyond practical ability to obtain relief by the construction of added lanes. Single mode solutions, including HOV lanes and transit, have failed to significantly mitigate problems of highway congestion. Traditional and innovative public transportation modes using intermodal centers and enhanced transfer facilities are discussed as solutions for the congestion. Efforts in Connecticut, including projects in New Haven, Norwalk, Hartford, and New Britain are examined to show the need for coordinated transportation services that provide seamless trip options for users. - Reproduced. aTraffic aReview of Policy Research a54007 c54007d54007 00104070aIIPAbIIPAd2018-07-19hVolume no: 19, Issue no: 2pAR54452r2018-07-19w2018-07-19yAR